Champions League Winning Managers - Statistics

General Stats
  • This quiz has been taken 135 times
  • The average score is 20 of 43
Answer Stats
Manager % Correct
Carlo Ancelotti
99%
José Mourinho
97%
Zinedine Zidane
97%
Jürgen Klopp
95%
Pep Guardiola
95%
Sir Alex Ferguson
95%
Thomas Tuchel
88%
Rafael Benítez
86%
Hansi Flick
85%
Luis Enrique
85%
Johan Cruyff
83%
Roberto Di Matteo
79%
Frank Rijkaard
75%
Jupp Heynckes
71%
Vicente del Bosque
71%
Fabio Capello
58%
Marcello Lippi
55%
Louis van Gaal
53%
Arrigo Sacchi
44%
Ottmar Hitzfeld
44%
Bob Paisley OBE
43%
Brian Clough
43%
Sir Matt Busby
32%
Giovanni Trapattoni
31%
Rinus Michels
28%
Guus Hiddink
26%
Helenio Herrera
26%
Joe Fagan
25%
Raymond Goethals
24%
Ernst Happel
22%
Béla Guttmann
20%
Jock Stein CBE
19%
José Villalonga
19%
Miguel Muñoz
18%
Udo Lattek
16%
Nereo Rocco
15%
Ștefan Kovács
15%
Dettmar Cramer
13%
Artur Jorge
11%
Ljupko Petrović
10%
Tony Barton
10%
Luis Carniglia
9%
Emerich Jenei
8%
No matching quizzes found
Score Distribution
Percent of People with Each Score
Percentile by Number Answered
Your Score History
You have not taken this quiz